|
|
|
|
| LEADER |
00000nam0a2200000 4500 |
| 001 |
165518 |
| 005 |
20231031161817.0 |
| 020 |
|
|
|a RU
|b 87-46271
|
| 035 |
|
|
|a (RuTPU)RU\TPU\book\179546
|
| 090 |
|
|
|a 165518
|
| 100 |
|
|
|a 20090918d1987 k a0rusy5003 ca
|
| 101 |
0 |
|
|a rus
|
| 102 |
|
|
|a RU
|
| 105 |
|
|
|a a z 001zy
|
| 200 |
1 |
|
|a Физико-химические основы применения топлив и масел. Теоретические аспекты химмотологии
|f Г. Ф. Большаков
|g Академия наук СССР (АН СССР), Сибирское отделение (СО), Институт химии нефти (ИХН)
|
| 210 |
|
|
|a Новосибирск
|c Наука
|d 1987
|
| 215 |
|
|
|a 207,[2] с.
|c ил.
|d 27 см
|
| 320 |
|
|
|a Библиогр.: с. 205-206. (58 назв.)
|
| 610 |
1 |
|
|a химмотология
|
| 610 |
1 |
|
|a топливо
|
| 610 |
1 |
|
|a масла
|
| 610 |
1 |
|
|a применение
|
| 610 |
1 |
|
|a испаряемость
|
| 610 |
1 |
|
|a стабильность
|
| 610 |
1 |
|
|a воспламенение
|
| 610 |
1 |
|
|a горение
|
| 675 |
|
|
|a 662.75
|z rus
|
| 700 |
|
1 |
|a Большаков
|b Г. Ф.
|g Геннадий Федорович
|4 070
|
| 712 |
0 |
2 |
|a Академия наук СССР (АН СССР)
|b Сибирское отделение (СО)
|b Институт химии нефти (ИХН)
|c (Томск)
|2 stltpush
|3 (RuTPU)RU\TPU\col\11796
|
| 801 |
|
0 |
|a RU
|b RuMRKP
|c 19950417
|g psbo
|
| 801 |
|
1 |
|a RU
|b 63413507
|c 20090918
|
| 801 |
|
2 |
|a RU
|b 63413507
|c 20141224
|g RCR
|
| 900 |
|
|
|a Введение в химмотологию
|
| 942 |
|
|
|c BK
|